All Brute Wyverns in Monster Hunter - Statistics

General Stats
  • This quiz has been taken 8 times
  • The average score is 17 of 20
Answer Stats
Generation Answer % Correct
5th Generation Anjanath
100%
5th Generation Radobaan
100%
5th Generation Acidic Glavenus
83%
5th Generation Banbaro
83%
3rd Generation Brachydios
83%
4th Generation Crystalbeard Uragaan
83%
3rd Generation Deviljho
83%
3rd Generation Duramboros
83%
5th Generation Fulgur Anjanath
83%
4th Generation Glavenus
83%
4th Generation Hellblade Glavenus
83%
6th Generation Quematrice
83%
4th Generation Raging Brachydios
83%
6th Generation Rompopolo
83%
3rd Generation Rust Duramboros
83%
3rd Generation Steel Uragaan
83%
3rd Generation Uragaan
83%
3rd Generation Barroth
67%
3rd Generation Jade Barroth
67%
3rd Generation Savage Deviljho
67%
No matching quizzes found
Score Distribution
Percent of People with Each Score
Percentile by Number Answered
Your Score History
You have not taken this quiz